Breve historia de la primera guerra mundial / (Registro nro. 25222)
[ vista simple ]
| 000 -CABECERA | |
|---|---|
| campo de control de longitud fija | 00906nam a2200241 a 4500 |
| 001 - NÚMERO DE CONTROL | |
| campo de control | 000025730 |
| 005 - FECHA Y HORA DE LA ÚLTIMA TRANSACCIÓN | |
| campo de control | 20200930024014.0 |
| 008 - DATOS DE LONGITUD FIJA--INFORMACIÓN GENERAL | |
| campo de control de longitud fija | 110221s1981 mx a r 001 0 spa d |
| 020 ## - NÚMERO INTERNACIONAL ESTÁNDAR DEL LIBRO | |
| Número Internacional Estándar del Libro | 9681308530 |
| 040 ## - FUENTE DE LA CATALOGACIÓN | |
| Centro catalogador/agencia de origen | DO-SdBNP |
| Lengua de catalogación | spa |
| Centro/agencia transcriptor | BNPHU |
| 082 ## - NÚMERO DE LA CLASIFICACIÓN DECIMAL DEWEY | |
| Número de clasificación | 940.3 |
| Número de documento/Ítem | E56b, 1968 |
| 130 0# - ENTRADA PRINCIPAL--TÍTULO UNIFORME | |
| Título uniforme | Encyclopedia americana |
| 9 (RLIN) | 52515 |
| 240 10 - TÍTULO UNIFORME | |
| Título uniforme | A concise history of world war i. |
| Lenguaje de la obra | Español |
| 245 00 - MENCIÓN DE TÍTULO | |
| Título | Breve historia de la primera guerra mundial / |
| Mención de responsabilidad, etc. | preparada para la encyclopedia americana bajo la dirección y asesoramiento de Vincent J. Espósito ; traducción Ramón Palazón Bertrán. |
| 250 ## - MENCIÓN DE EDICIÓN | |
| Mención de edición | 2a ed. |
| 260 ## - PUBLICACIÓN, DISTRIBUCIÓN, ETC. | |
| Lugar de publicación, distribución, etc. | México, D. F. : |
| Nombre del editor, distribuidor, etc. | Diana, |
| Fecha de publicación, distribución, etc. | 1981. |
| 300 ## - DESCRIPCIÓN FÍSICA | |
| Extensión | 477 p. : |
| Otras características físicas | il., mapa. ; |
| Dimensiones | 22 cm. |
| 500 ## - NOTA GENERAL | |
| Nota general | Traducido del inglés. |
| 500 ## - NOTA GENERAL | |
| Nota general | Incluye índice. |
| 650 #4 - PUNTO DE ACCESO ADICIONAL DE MATERIA--TÉRMINO DE MATERIA | |
| Término de materia o nombre geográfico como elemento de entrada | Guerra mundial i, 1914-1918 |
| 9 (RLIN) | 6232 |
| 700 1# - PUNTO DE ACCESO ADICIONAL--NOMBRE DE PERSONA | |
| Nombre de persona | Espócito, Vincent J. |
| 9 (RLIN) | 52516 |
| 700 1# - PUNTO DE ACCESO ADICIONAL--NOMBRE DE PERSONA | |
| Nombre de persona | Palazón Bertrán, Ramón, |
| Término indicativo de función/relación | tr. |
| 9 (RLIN) | 52517 |
| Estado de retiro | Estado de pérdida | Restricciones de uso | No para préstamo | Código de colección | Localización permanente | Ubicación/localización actual | Ubicación en estantería | Fecha de adquisición | Número de inventario | Total de préstamos | Signatura topográfica completa | Código de barras | Fecha visto por última vez | Número de copia | Precio válido a partir de | Tipo de ítem Koha |
|---|---|---|---|---|---|---|---|---|---|---|---|---|---|---|---|---|
| Extraviado | Excluido de préstamo | Monografías: Libros y Folletos | General | General | Extraviado | 22.05.2017 | LF1 | 940.3 E56b, 1968 | 25730-20 | 25.06.2020 | e. 2 | 25.06.2020 | No se presta | |||
| Excluido de préstamo | Monografías: Libros y Folletos | General | General | Depósito | 21.02.2011 | LF1 | 940.3 E56b | 25730-10 | 25.06.2020 | 25.06.2020 | No se presta |
